00861nam a22002417a 4500003000900000008004100009020001800050040007100068082002100139100002900160245003100189260002600220300005100246505013800297650002100435650001000456650002600466650002700492650002100519650002300540700002600563700003000589AR-CdUCM190321b ||||| |||| 00| 0 spa d a9786120028599 aMUNICIPALIDAD PROVINCIAL DEL CUSCOcBIBLIOTECA MUNICIPAL DEL CUSCO a636.9 / M97bM97 aMurga Torres, Telmo Raul aCrianza moderna de cuyes / aCusco :bJADE,c2017. a246 paginas ;bilustraciones en color,c30 cm. aContenido : Antecedentes históricos domesticación taxonomía -- clasificación de los cuyes tipos y razas -- Reproducción ... aCrianza de cuyes aCuyes aSeguridad alimentaria aComunidades campesinas aDesarrollo rural aComercialización aPalomino Tinco, Cesar aGarcía Atauchi, Jessica